000 00436nam a22001697a 4500
005 20160627112821.0
008 160627b xxu||||| |||| 00| 0 eng d
020 _a0-7506-1501-X
041 _aeng
082 _b10274
100 _aButter Worth Hanemann
_92904
245 _aTechniques used in Bioproduct
260 _bOpen University and University of Greenwich
_c1992
300 _a299
650 _aAgriculture
_92837
942 _cBK
999 _c4202
_d4201